000
00311nam a2200133Ia 4500
008
191201s2005 xx 000 0 und d
082
_a
621.382
_b
NIB
100
_a
NIIT
245
0
_a
Basics of wireless Communications
260
_a
N.Delhi
_b
PHI
_c
2005
300
_a
260
650
_a
B.Tech(CSE)
942
_2
ddc
_c
BK
999
_c
997
_d
997